Central Library OPAC University of Rajshahi

Electrochemistry in biology and medicine : (Record no. 11917)

MARC details
000 -LEADER
fixed length control field 00918cam a22002891 4500
001 - CONTROL NUMBER
control field 11917
003 - CONTROL NUMBER IDENTIFIER
rucl marc code BD-RjUL
005 - DATE AND TIME OF LATEST TRANSACTION
control field 20211208235214.0
008 - FIXED-LENGTH DATA ELEMENTS--GENERAL INFORMATION
fixed length control field 140127s1955 xx a 001 0 eng
035 ## - SYSTEM CONTROL NUMBER
System control number (BD-RjUL)11966
System control number (OCoLC)14674727
040 ## - CATALOGING SOURCE
Original cataloging agency DLC
Transcribing agency DNLM
Modifying agency CtHT
-- OClW-H
-- DLC
-- BD-RjUL
Language of cataloging eng
041 ## - LANGUAGE CODE
Language code of text/sound track or separate title eng
060 0# - NATIONAL LIBRARY OF MEDICINE CALL NUMBER
Classification number QD 553
Item number S541e 1955
082 ## - DEWEY DECIMAL CLASSIFICATION NUMBER
Classification number 541.37
Author mark and year ELE 1955
245 10 - TITLE STATEMENT
Title Electrochemistry in biology and medicine :
Remainder of title Sponsored by the Electrochemical Society, inc., New York /
Statement of responsibility, etc. edited by Theodore Shedlovsky
260 ## - PUBLICATION, DISTRIBUTION, ETC. (IMPRINT)
Place of publication, distribution, etc. New York :
Name of publisher, distributor, etc. Wiley ,
Date of publication, distribution, etc. c1955.
300 ## - PHYSICAL DESCRIPTION
Pagination xii, 369 p. :
Illustrations ill. ;
Size 23 cm.
504 ## - BIBLIOGRAPHY, ETC. NOTE
Bibliography, etc Includes index.
650 #0 - SUBJECT ADDED ENTRY--TOPICAL TERM
Topical term or geographic name as entry element Electrochemistry.
9 (RLIN) 36949
Topical term or geographic name as entry element Electrophysiology.
9 (RLIN) 36950
700 ## - ADDED ENTRY--PERSONAL NAME
Personal name Shedlovsky, Theodore,
942 ## - ADDED ENTRY ELEMENTS (KOHA)
Source of classification or shelving scheme Dewey Decimal Classification
Koha item type Books
Holdings
Lost status Source of classification or shelving scheme Damaged status Not for loan Collection code Permanent Location Current Location Shelving location Date acquired Source of acquisition Cost, normal purchase price Total Checkouts Full call number Date last seen Copy number Koha item type
  Dewey Decimal Classification   Not For Loan Non-fiction Central Library, University of Rajshahi Central Library, University of Rajshahi Reading Room 12/08/1967 Book view 75.00   541.37 ELE 1955 27/01/2014 C-1 Books